000 00932nam a2200289 a 4500
001 25663
003 CO-ViMGA
008 141112s2004 ck r 000 u spa d
020 _a9789586652612
040 _aCO-ViMGA
_bspa
_cCO-ViMGA
041 _aSPA
090 _aC GOG1
100 1 _aGógol, Nikolai Vasilievich, 1809 - 1852
_939440
245 1 0 _aEl capote /
_cNicolái Gógol ; ilustraciones de Noemí Villamuza ; traducción de Víctor Gallego
250 _a1a ed.
260 _aBogotá :
_bNordicalibros,
_c2013
300 _a101 p. : il. byn.
500 _aTítulo original : Shinel
650 1 4 _aAUTORES RUSOS
_939441
650 1 4 _aCLASES SOCIALES - CUENTO
_939442
650 1 4 _aCUENTOS RUSOS - SIGLO XIX
_939443
650 1 4 _aINJUSTICIA - CUENTO
_939444
650 1 4 _aLITERATURA RUSA - SIGLO XIX
_939445
700 1 _aGallego, Víctor
_939446
700 1 _aVillamuza, Noemí, 1971 -
_939447
942 _2ddc
_cBK
999 _c5231
_d5231